Personnages de la série TV Hélène et les garçons en mort subite - Statistiques

Statistiques générales
  • Ce quiz a été pris 89 fois
  • Le résultat moyen est 33 sur 55
Answers on the Grid
Answers color-coded by a green-red scale on the quiz's grid according to % correct below.
Hélène Girard
Nicolas Vernier
Cathy
Etienne
Johanna Mac Cormick
Christian Roquier, dit « Cri-Cri d'amour »
Bénédicte Breton
José Da Silva
Laly Polleï
Sébastien
Adeline Roquier
Christophe
Nathalie Gommez
Linda Carlick
Olivier Legendre
Bruno Dupuis
Fabrice
Taxi
Franck
Bernie
Ismo
Isabelle
Rosy
Laurent
Joël
Zaza
Thomas Fava
John Wander, ingénieur du son
Manu
Fabien
Thierry
Jacques
Therese
Jean-François
Arielle
Kanu
Annette
Jimmy
Garde du corps
Agnès
Gédéon
Alex
Sophie
Gaelle Breton
Maxime
Cecile
Cedric
Richard, le détective privé
Angelina
Séverine Dufond
Frédéric
Marjorie
Justine Girard
Marie Girard
Roger Girard
Bébert
Miguel, le docteur
Carmen
Pascal Saint James
Karen Lancaume
 
Statistiques - réponses
Réponse % Correct
Hélène Girard
94%
Christian Roquier, dit « Cri-Cri d'amour »
92%
Bénédicte Breton
86%
Sébastien
84%
Adeline Roquier
83%
Cathy
83%
Justine Girard
83%
Nicolas Vernier
83%
Etienne
81%
José Da Silva
81%
Johanna Mac Cormick
80%
Jimmy
78%
Roger Girard
77%
Laly Polleï
75%
Marie Girard
73%
Linda Carlick
72%
Nathalie Gommez
72%
Annette
70%
Agnès
69%
Olivier Legendre
69%
Thomas Fava
69%
Christophe
67%
Arielle
66%
Manu
66%
Rosy
64%
Sophie
64%
Zaza
64%
Taxi
63%
Fabrice
61%
John Wander, ingénieur du son
61%
Bruno Dupuis
58%
Therese
58%
Fabien
55%
Gédéon
55%
Kanu
55%
Frédéric
53%
Thierry
53%
Isabelle
52%
Cedric
50%
Jean-François
50%
Laurent
50%
Jacques
47%
Franck
45%
Joël
45%
Richard, le détective privé
45%
Garde du corps
41%
Marjorie
41%
Alex
38%
Angelina
36%
Cecile
36%
Gaelle Breton
33%
Maxime
33%
Séverine Dufond
31%
Bernie
22%
Ismo
16%
Aucun quiz correspondant
Distribution des résultats
% des personnes avec chaque résultat
Percentile par nombre de réponses
Votre historique - résultats
Vous n’avez pas pris ce quiz